000 00582nam a2200217Ia 4500
003 0100
008 130303s9999 xx 000 0 und d
040 _cARRUPELIB
050 _aBR121.T73131984
100 _aTolstoy, Leo
245 4 _aThe kingdom of God is within you
245 _bChristianity not as a mystic religion but as a new theory of life
260 _aLincoln NB
260 _bUniv. of NB Pr.
260 _C1984
300 _a368p
650 _bExistence
650 _cPhilosophy
700 _atr. by Constance Garnett, foreword by Martin Green
942 0 0 _01
999 _c23979
_d23979